000 01336nam a2200337Ia 4500
001 ebr10364036
003 CaPaEBR
006 m u
007 cr cn|||||||||
008 090408s2010 enk sb 001 0 eng d
010 _z 2009014865
020 _z9781441199058
020 _z9781847065056 (hardcover)
020 _z1847065058 (hardcover)
040 _aCaPaEBR
_cCaPaEBR
035 _a(OCoLC)610204685
050 1 4 _aLC191
_b.S6565 2010eb
245 0 0 _aSocial realism, knowledge and the sociology of education
_h[electronic resource] :
_bcoalitions of the mind /
_cedited by Karl Maton and Rob Moore.
260 _aLondon ;
_aNew York :
_bContinuum,
_cc2010.
300 _aviii, 198 p.
504 _aIncludes bibliographical references (p. [179]-109) and index.
533 _aElectronic reproduction.
_bPalo Alto, Calif. :
_cebrary,
_d2010.
_nAvailable via World Wide Web.
_nAccess may be limited to ebrary affiliated libraries.
650 0 _aEducational sociology.
650 0 _aEducation
_xCurricula.
650 0 _aConstructivism (Education)
655 7 _aElectronic books.
_2local
700 1 _aMaton, Karl.
700 1 _aMoore, Rob,
_d1946-
710 2 _aebrary, Inc.
856 4 0 _uhttp://site.ebrary.com/lib/rucke/Doc?id=10364036
_zAn electronic book accessible through the World Wide Web; click to view
999 _c215284
_d215284